000 00505nam a2200181Ia 4500
005 20250326125339.0
008 250326s9999 xx 000 0 und d
037 _aTextbook
040 _aFMSL
_beng
_cFMSL
041 _aeng
_2eng
084 _aX8(D):8 K9
_qFMSL
100 _aI C E
245 0 _aIntroduction to engineering economics
_cI C E
260 _aLondon
_bLondon, Institution of Civil Engineers
_c1969
300 _a182p
942 _cTB
_hX8(D):8 K9
999 _c1277637
_d1277637